000 00506nam a22001817a 4500
003 KOHA_MİRAKIL
005 20251221125744.0
008 251221b tu ||||| |||| 00| 0 tur d
020 _a9789756124956
040 _aTR-AnABB
_btur
_cTR-AnABB
041 _atur
082 _a327.561
_bTUR 2022
245 1 0 _aTürk dış politikasının güvelik gündemi /
260 _aAnkara :
_bOrient yayınları,
_c2022
300 _a222 sayfa ;
_c22 cm
650 0 4 _aTürk dış politikası
942 _2ddc
_cBK
999 _c9825
_d9825
900 _bGizem YORULMAZ